Malé a stredné podnikanie

Bibliographic Details
Main Authors: Kováč, Milan, 1946- (Author), Malega, Peter, 1982- (Author), Duľová Spišáková, Emília, 1983- (Author)
Format: Book
Language:Slovak
PhysicalDescription:119 s. grafy, sch., tab. 29 cm
Published: Košice Technická univerzita 2013
ISBN:9788055315973
Edition:1. vyd.
Series:Edícia študijnej literatúry
Subjects:

MARC

LEADER 00000nam a2200000 a 4500
001 vtls010608164
003 SK-MaSNL
005 20260301174947.0
008 240313s2013 xo da e n 000 0 slo
015 |a SNBA2014/08 
020 |a 9788055315973  |q (brož.) 
035 |a D24B90AD-013A-40DA-886D-30F3BF59E3F9 
035 |a urn:nbn:sk:snk-amk3vh 
035 |a urn:nbn:sk:snk-am005dlm 
040 |a SNK  |b slo  |c SNK  |e AACR2 
041 0 |a slo 
044 |a xo  |c SK 
072 7 |a 658  |x Riadenie a správa podniku  |2 konspekt 
080 |a 658.114-022.54/.55  |2 2001 
080 |a (075.8)  |2 2001 
100 1 |a Kováč, Milan,  |d 1946-  |4 aut  |9 40676 
245 1 0 |a Malé a stredné podnikanie  |c Milan Kováč, Peter Malega, Emília Spišáková 
250 |a 1. vyd. 
260 |a Košice  |b Technická univerzita  |c 2013 
300 |a 119 s.  |b grafy, sch., tab.  |c 29 cm 
366 |e 50 výt. 
490 1 |a Edícia študijnej literatúry 
504 |a Bibliogr.: s. 116-119 
650 0 7 |a malé a stredné podnikanie  |2 SNKPH  |9 101119 
650 0 7 |a Small and medium-sized business  |2 SNKPHeng  |9 310981 
655 7 |a učebnice vysokých škôl  |2 SNKPH  |9 70191 
655 7 |a Textbooks (higher)  |2 SNKPHeng  |9 276436 
700 1 |a Malega, Peter,  |d 1982-  |4 aut  |9 200050 
700 1 |a Duľová Spišáková, Emília,  |d 1983-  |4 aut  |9 181944 
810 2 |a Technická univerzita v Košiciach.  |b Strojnícka fakulta  |t Edícia študijnej literatúry  |9 312999 
830 0 |a Edícia študijnej literatúry  |9 323544 
919 |a 978-80-553-1597-3 
958 |a NB 
999 |c 841211  |d 843141 
952 |a SNK  |b SNK  |y PREZ  |7 0  |p 17A1113115  |o snkSB 86882  |i snk2014/15129  |8 0  |0 0  |1 0  |4 0  |d 2014-07-03  |f 1  |l 0  |r 2025-05-07 00:00:00  |w 2026-02-24 
952 |a SNK  |b SNK  |y VYP  |7 0  |p 17A1113116  |o snkSB 86882 D1  |i snk2014/15130  |8 0  |0 0  |1 0  |4 0  |d 2014-07-03  |l 0  |r 2026-02-24 04:10:43  |w 2026-02-24